formula 1 title deciders - Statistics

General Stats
  • This quiz has been taken 295 times
    281 since last reset
  • The average score is 61 of 71
Answer Stats
year driver point margin Answer % Correct
2005 Fernando Alonso 21 Brazilian Grand Prix
98%
2006 Fernando Alonso 13 Brazilian Grand Prix
98%
2007 Kimi Raikkonen 1 Brazilian Grand Prix
98%
2008 Lewis Hamilton 1 Brazilian Grand Prix
98%
2009 Jenson Button 11 Brazilian Grand Prix
98%
2012 Sebastian Vettel 3 Brazilian Grand Prix
98%
2010 Sebastian Vettel 4 Abu Dhabi Grand prix
95%
2014 Lewis Hamilton 67 Abu Dhabi Grand Prix
95%
2016 Nico Rosberg 5 Abu Dhabi Grand Prix
95%
1987 Nelson Piquet 12 Japanese Grand Prix
95%
1988 Ayrton Senna 3 Japanese Grand Prix
95%
1989 Alain Prost 16 Japanese Grand Prix
95%
1990 Ayrton Senna 7 Japanese Grand Prix
95%
1991 Ayrton Senna 24 Japanese Grand Prix
95%
1996 Damon Hill 19 Japanese Grand Prix
95%
1998 Mika Hakkinen 14 Japanese Grand Prix
95%
1999 Mika Hakkinen 2 Japanese Grand Prix
95%
2000 Michael Schumacher 19 Japanese Grand Prix
95%
2003 Michael Schumacher 2 Japanese Grand Prix
95%
2011 Sebastian Vettel 122 Japanese Grand Prix
95%
2004 Michael Schumacher 34 Belgian Grand Prix
93%
1981 Nelson Piquet 1 Caesars Palace Grand Prix
93%
1982 Keke Rosberg 5 Caesars Palace Grand Prix
93%
1950 Giuseppe Farina 3 Italian Grand Prix
93%
1956 Juan Manuel Fangio 3 Italian Grand Prix
93%
1960 Jack Brabham 9 Italian Grand Prix
93%
1961 Phil Hill 1 Italian Grand Prix
93%
1963 Jim Clark 21 Italian Grand Prix
93%
1966 Jack Brabham 14 Italian Grand Prix
93%
1969 Jackie Stewart 26 Italian Grand Prix
93%
1972 Emerson Fittipaldi 16 Italian Grand Prix
93%
1973 Jackie Stewart 16 Italian Grand Prix
93%
1975 Niki Lauda 19.5 Italian Grand Prix
93%
1978 Mario Andretti 13 Italian Grand Prix
93%
1979 Jody Scheckter 4 Italian Grand Prix
93%
1959 Jack Brabham 4 United States Grand Prix
93%
1970 Jochen Rindt 5 United States Grand Prix
93%
1974 Emerson Fittipaldi 3 United States Grand Prix
93%
1977 Niki Lauda 17 United States Grand Prix
93%
2015 Lewis Hamilton 59 United States Grand Prix
93%
1976 James Hunt 1 Japanese Grand Prix
92%
1995 Michael Schumacher 33 Pacific Grand Prix
92%
2019 Lewis Hamilton 87 United States Grand Prix
92%
1964 John Surtees 1 Mexican Grand Prix
88%
1967 Denny Hulme 5 Mexican Grand Prix
88%
1968 Graham Hill 12 Mexican Grand Prix
88%
2017 Lewis Hamilton 46 Mexican grand Prix
88%
2018 Lewis Hamilton 88 Mexican Grand Prix
88%
1986 Alain prost 2 Australian Grand Prix
86%
1994 Michael Schumacher 1 Australian Grand Prix
86%
2002 Michael Schumacher 67 French Grand Prix
86%
2020 Lewis Hamilton 131 Turkish Grand Prix
85%
1955 Juan Manuel Fangio 16.5 British Grand Prix
81%
1952 Alberto Ascari 12 German Grand Prix
81%
1957 Juan Manuel Fangio 15 German Grand Prix
81%
1965 Jim Clark 14 German Grand Prix
81%
2013 Sebastian Vettel 155 Indian Grand Prix
77%
1951 Juan Manuel Fangio 6 Spanish Grand Prix
76%
1980 Alan Jones 13 Canadian Grand prix
71%
1971 Jackie Stewart 29 Austrian Grand Prix
70%
1992 Nigel Mansell 52 Hungarian Grand Prix
70%
2001 Michael Schumacher 58 Hungarian Grand Prix
70%
1993 Alain Prost 26 Portugese Grand Prix
69%
1984 Niki Lauda 0.5 Portuguese Grand Prix
69%
1983 Nelson Piquet 2 South African
61%
1962 Graham Hill 12 South African Grand Prix
59%
1997 Jacques Villeneuve 39 European Grand Prix
49%
1953 Alberto Ascari 6.5 Swiss Grand Prix
49%
1954 Juan Manuel Fangio 16.857 Swiss Grand Prix
49%
1958 Mike Hawthorne 1 Morrocon Grand Prix
44%
1985 Alain Prost 20 European Grand Prix
40%
No matching quizzes found
Score Distribution
Percent of People with Each Score
Percentile by Number Answered
Your Score History
You have not taken this quiz since the last reset